00353nam a2200109Ia 4500008004100000020001900041082001800060100005500078245007300133260002700206300001000233210430s9999 xx 000 0 und d a978-0824792367 a665.5 A6271 C aGeorge J.Antos, Abdullah M. Aitani, Jose M. Parera aCatalytic Naphtha Reforming Science and Technology /cGeorge J.Antos aNew YorkbDekkerc1995 a516 p